| 000 | 02042nam a22002537a 4500 | ||
|---|---|---|---|
| 999 |
_c63121 _d63121 |
||
| 003 | Ge_BSU | ||
| 005 | 20250606113155.0 | ||
| 008 | 250606s2018 ge ||||| |||| 00| 0 geo d | ||
| 020 | _a9789941476600 | ||
| 041 | _ageo | ||
| 080 | _a51(075.8) მ-15 | ||
| 245 |
_aმათემატიკა : მე-6 კლასი : _bმოსწავლის წიგნი. ნაწილი 3 / _c გურამ გოგიშვილი, თეიმურაზ ვეფხვაძე, ია მებონია, ლამარა ქურჩიშვილი; რედაქტორი თეიმურაზ ვეფხვაძე; მხატვარი ნანა მიქაბერიძე; გარეკანის დიზაინერები: გურამ გოგიშვილი, ილია ხელაია. |
||
| 264 |
_aთბილისი : _bინტელექტი, _c2018. |
||
| 300 |
_a116 გვ. : _bილ.; _c28 სმ. |
||
| 500 | _aგრიფი მიენიჭა საქართველოს განათლების, მეცნიერების, კულტურისა და სპორტის სამინისტროს მიერ 2018 წლის 24 ივლისს, ბრძანება #25 | ||
| 653 | _aმათემატიკა | ||
| 700 |
_aგოგიშვილი, გურამ _eავტორი, გარეკანის დიზაინერი _925294 |
||
| 700 |
_aვეფხვაძე, თეიმურაზ _eავტორი, რედაქტორი _925295 |
||
| 700 |
_aმებონია, ია _eავტორი _925296 |
||
| 700 |
_aქურჩიშვილი, ლამარა _eავტორი _925297 |
||
| 700 |
_aმიქაბერიძე, ნანა _eმხატვარი _925287 |
||
| 700 |
_aხელაია, ილია _eგარეკანის დიზაინერი _925298 |
||
| 942 |
_2udc _cᲬᲘᲒᲜᲘ |
||